MLB Teams With All-Time Winning Records Quiz Stats

 Plays Quiz Updated Oct 8, 2019

Score 0/12 Timer 01:30
0 Plays Today
Winning Percentage Team % Correct
.570New York Yankees
99.2%
.505Cincinnati Reds
94.5%
.519Boston Red Sox
93.7%
.528Los Angeles Dodgers
88.9%
.535San Francisco Giants
83.5%
.520St. Louis Cardinals
83.2%
.502Chicago White Sox
72.8%
.514Chicago Cubs
72%
.501Atlanta Braves
68%
.504Detroit Tigers
65.3%
.503Pittsburgh Pirates
60.9%
.512Cleveland Indians
53.7%

You're not logged in!

Compare scores with friends on all Sporcle quizzes.
OR
Log In

Sporcle TV

Today on Sporcle TV


Watch our educational content, quiz creation guides, and fun videos on Sporcle TV.

Show Comments

Extras

Top Quizzes Today


Score Distribution

Your Account Isn't Verified!

In order to create a playlist on Sporcle, you need to verify the email address you used during registration. Go to your Sporcle Settings to finish the process.

Report this User

Report this user for behavior that violates our Community Guidelines.

Details: